000 00197nam a22000857a 4500
001 1238824
005 20251006123408.0
245 _aALLAH DE ÖTESİNİ BIRAK
_cUĞUR KOŞAR
260 _bDESTEK YAYINLARI
999 _c1238824
_d1238824